| 000 | 00865nam a22001577a 4500 | ||
|---|---|---|---|
| 003 | OSt | ||
| 005 | 20151210105348.0 | ||
| 008 | 151210b xxu||||| |||| 00| 0 eng d | ||
| 040 | _cRUA | ||
| 082 | _aATM HOK 2004 B205 Or.1 | ||
| 100 |
_94645 _aHOK, BUNTHY |
||
| 245 | _aThe effeciency of forest management process in banteaysrey forest administration subsection,banteaysrey section siamreap contonment, ប្រសិទ្ធភាពនៃដំណើរការគ្រប់គ្រងព្រឈើក្នុងសង្កាត់រដ្ឋបាលព្រៃឈើបន្ទាយស្រី ផ្នែករដ្ឋបាលព្រៃឈើបន្ទាយស្រី ខណ្ឌរដ្ឋបាលព្រៃឈើសៀុមរាប | ||
| 260 |
_aPhnom Penh _bRUA _c2004 |
||
| 300 |
_avii, 49p. _bill. _c29cm. |
||
| 942 |
_2ddc _cATM |
||
| 999 |
_c4328 _d4328 |
||